000 00513nam a22001577a 4500
003 macl
005 20180425164913.0
008 180425b xxu||||| |||| 00| 0 eng d
040 _cmacl
082 _a891.433/PAT/S
100 _aदेवदत्‍त पटटनायक
_972325
245 _aशिखण्‍डी और कुछ अनसुनी कहानियॉ
260 _aदिल्‍ली
_bराजपाल
_c2015
650 _aकहानियॉ
_972326
942 _2ddc
_cHIN
999 _c57927
_d57927